| 000 | 00693nam a2200265Ia 4500 | ||
|---|---|---|---|
| 003 | OSt | ||
| 005 | 20221007070258.0 | ||
| 006 | a|||||r|||| 00| 0 | ||
| 007 | ta | ||
| 008 | 221006b |||||||| |||| 00| 0 eng d | ||
| 024 | _a7,240 | ||
| 037 | _cTextual | ||
| 040 |
_aFLL _cFLL _beng |
||
| 041 |
_2eng _aeng |
||
| 082 | _aZ2,94, Q7.2 | ||
| 100 | _aWoodroffe | ||
| 245 | 0 | _aLaw of evidence | |
| 250 | _a20th | ||
| 260 |
_aGurgaon _bLexis Nexis India _c2017 |
||
| 300 |
_acclxxxvii,1453-2972,1-98p. _ccm. |
||
| 490 | _vvolume 2 (Sections 25 to 90 A) | ||
| 700 | _a Ali Ameer | ||
| 942 |
_hZ2,94, Q7.2 _cTEXL _2CC |
||
| 999 |
_c1140007 _d1140007 |
||